| 000 | 00827nam a22002057a 4500 | ||
|---|---|---|---|
| 999 |
_c13422 _d13422 |
||
| 008 | 190312b ||||| |||| 00| 0 eng d | ||
| 020 | _a9780826272690 | ||
| 082 |
_22011 _aAV-Eb 821.9209 _bP857 |
||
| 100 |
_aPotts, Donna L. _937547 |
||
| 245 |
_aContemporary irish poetry and the pastoral tradition / _cDonna L. Potts. |
||
| 260 |
_bUniversity of Missouri Press, _c©2014. |
||
| 300 | _a231 pages; | ||
| 500 | _aIncludes index. | ||
| 650 |
_aBoland, Eavan. _937548 |
||
| 650 |
_aEnglish poetry -- Irish authors -- History and criticism. _937549 |
||
| 650 |
_aHeaney, Seamus, -- 1939- Longley, Michael, -- 1939- McGuckian, Medbh, -- 1950- Montague, John. _937550 |
||
| 700 |
_aPotts, Donna L. _937547 |
||
| 856 | _yhttps://ebookcentral.proquest.com/lib/uniofmindanao-ebooks/detail.action?docID=3440764 | ||
| 942 |
_2ddc _cEB |
||